00847cam a22002531 4500001001300000003000400013005001700017008004100034010001700075035001900092040002700111042001200138050002200150100004800172245007200220260004300292300002900335490004200364500005000406500005700456650003500513650002800548999001700576gs 09000432 DLC20260227111309.0760210s1909 xx 000 0 eng  ags 09000432  a(OCoLC)1981376 aDLCcIDeKNdOCoLCdDLC apremarc00aQE75b.B9 no. 3911 aKindle, E. M.q(Edward Martin),d1869-1940.18a... The Devonian fauna of the Ouray limestone,cby E. M. Kindle ... aWashington,bGovt. print. off.,c1909. a60 p.bx pl.c23 1/2 cm.0 aU.S. Geological survey. Bulletin 391 aAt head of title: Department of the Interior. aIssued also as House doc. 1551, 60th Cong., 2d sess. 0aPaleontologyzColoradozOuray. 0aPaleontologyyDevonian. c24871d24871